Normal view
MARC view
Entry Personal Name
001 - CONTROL NUMBER
- control field: 44959
003 - CONTROL NUMBER IDENTIFIER
- control field: OSt
005 - DATE AND TIME OF LATEST TRANSACTION
- control field: 20220918173116.0
008 - FIXED-LENGTH DATA ELEMENTS
- fixed length control field: 220918|| aca||aabn | a|a d
040 ## - CATALOGING SOURCE
- Original cataloging agency: OSt
- Transcribing agency: OSt
100 ## - HEADING--PERSONAL NAME
- Personal name: Yao York-Peng
670 ## - SOURCE DATA FOUND
- Source citation: Work cat.: (OSt)147214: Chang Shau-Jin 44958, Non-perturbative approach to infrared behaviour for (3) 6 and a mechanism of confinement, 1977
